Contested waterscapes in the Mekong Region : hydropower, livelihoods and governance (ระเบียนเลขที่ 61714)
| 000 -LEADER | |
|---|---|
| fixed length control field | 01047nam a22002657a 4500 |
| 005 - DATE AND TIME OF LATEST TRANSACTION | |
| control field | 20210325204741.0 |
| 008 - FIXED-LENGTH DATA ELEMENTS--GENERAL INFORMATION | |
| fixed length control field | s2010 eng d |
| 020 ## - INTERNATIONAL STANDARD BOOK NUMBER | |
| International Standard Book Number | 9789814311427 |
| 041 ## - LANGUAGE CODE | |
| Language code of text/sound track or separate title | eng |
| 050 ## - LIBRARY OF CONGRESS CALL NUMBER | |
| Classification number | TC513.M45 C67 2010 |
| 100 0# - MAIN ENTRY--PERSONAL NAME | |
| Personal name | Kakonen, Mira, ed. |
| 245 10 - TITLE STATEMENT | |
| Title | Contested waterscapes in the Mekong Region : hydropower, livelihoods and governance |
| 260 3# - PUBLICATION, DISTRIBUTION, ETC. | |
| Place of publication, distribution, etc. | Singapore : |
| Name of publisher, distributor, etc. | Institute of Southeast Asian Studies, |
| Date of publication, distribution, etc. | 2010 |
| 300 ## - PHYSICAL DESCRIPTION | |
| Extent | 426 p. : |
| Other physical details | graph, tables, maps ; |
| Dimensions | 23 cm. |
| 650 04 - SUBJECT ADDED ENTRY--TOPICAL TERM | |
| Topical term or geographic name entry element | Watershed management -- Mekong River Watershed |
| 650 04 - SUBJECT ADDED ENTRY--TOPICAL TERM | |
| Topical term or geographic name entry element | Water rights -- Mekong River Watershed |
| 650 04 - SUBJECT ADDED ENTRY--TOPICAL TERM | |
| Topical term or geographic name entry element | Hydroelectric power plants -- Political aspects -- Mekong River Watershed |
| 650 04 - SUBJECT ADDED ENTRY--TOPICAL TERM | |
| Topical term or geographic name entry element | Water -- supply -- Mekong River Watershed |
| 650 04 - SUBJECT ADDED ENTRY--TOPICAL TERM | |
| Topical term or geographic name entry element | Water resources development -- Mekong River Watershed |
| 850 ## - HOLDING INSTITUTION | |
| Holding institution | NALT |
| 942 ## - ADDED ENTRY ELEMENTS (KOHA) | |
| Koha item type | General Book |
| 997 ## - | |
| -- | 9025 |
| 997 ## - | |
| -- | 000000000061714 |
| 998 ## - LOCAL CONTROL INFORMATION (RLIN) | |
| -- | นางสุกัญญา กัลยา |
ไม่มีตัวเล่มให้บริการ
